Vista normal
Vista MARC
Entrada Personal Name
Número de registros utilizados en: 2
001 - CONTROL NUMBER
- control field: 14041
003 - CONTROL NUMBER IDENTIFIER
- control field: DLC
005 - DATE AND TIME OF LATEST TRANSACTION
- control field: 20230411143943.0
008 - FIXED-LENGTH DATA ELEMENTS
- fixed length control field: 111201n| acannaabn |a aaa c
010 ## - LIBRARY OF CONGRESS CONTROL NUMBER
- LC control number: ns2011002414
035 ## - SYSTEM CONTROL NUMBER
- System control number: (CaEvSKY)skya9767198
040 ## - CATALOGING SOURCE
- Original cataloging agency: MX-SlUA
- Language of cataloging: spa
- Transcribing agency: MX-SlUA
- Modifying agency: Mx-PuUPA
- Description conventions: rda
100 1# - HEADING--PERSONAL NAME
- Personal name: Iturralde Torres, Pedro,
400 1# - SEE FROM TRACING--PERSONAL NAME
- Personal name: Torres, Pedro Iturralde
670 ## - SOURCE DATA FOUND
- Source citation: Arritmias cardíacas, 1997:
- Information found: t.p. (Pedro Iturralde Torres)